| 000 | 00565nam a2200217Ia 4500 | ||
|---|---|---|---|
| 003 | OSt | ||
| 005 | 20230419114113.0 | ||
| 008 | 210423s2003 xx 000 0 und d | ||
| 020 | _a77098749 | ||
| 040 | _cAL | ||
| 041 | _aeng | ||
| 082 |
_a658.4 _223 _bELLS |
||
| 100 |
_aELLIS (Steve);DICK (Penny). _990516 |
||
| 245 | _aIntroduction to organizational behaviour. | ||
| 250 | _a2 | ||
| 260 |
_aNew Delhi _bTata McGraw-hill _c2003 |
||
| 300 |
_axvi,313 _bPB |
||
| 365 |
_b495 _cINR |
||
| 906 | _abehaviour. ; Introduction ; organizational | ||
| 942 |
_2ddc _cBK |
||
| 999 |
_c160733 _d160733 |
||